000 01629nac a22003131u 4500
010 _a 2004043345
020 _a0273685805
082 0 0 _a658.4
_bC1148
090 _c2741
_d2741
100 _a20080729
245 0 0 _aProject management for information systems /
_cedited by James Cadle and Donald Yeates.
250 _a4th ed.
260 _aUpper Saddle River, NJ :
_bFinancial Times Prentice Hall,2004
_c2004.
300 _ap. cm.
504 _aIncludes bibliographical references and index.
650 0 _aSystem analysis.
650 0 _aManagement information systems.
650 0 _aInformation resources management.
650 0 _aProject management.
700 1 _aCadle, James.
700 1 _aYeates, Donald.
942 _cBB
_k658.4C1148
999 _c2741
_d2741